[Event "22nd EUR-ch (w)"]
[Site "Prague CZE"]
[Date "2022.08.25"]
[Round "6.59"]
[White "Bashylina, Luisa"]
[Black "Shatil, Or"]
[Result "1-0"]
[WhiteElo "2018"]
[BlackElo "1842"]
[EventDate "2022.08.20"]
[PlyCount "65"]

1.d4 Nf6 2.c4 e6 3.Nc3 Bb4 4.f3 c5 5.d5 Bxc3+ 6.bxc3 d6 7.e4 O-O 8.Bd3 
Nbd7 9.Ne2 Ne5 10.O-O a6 11.Bg5 exd5 12.cxd5 Nxd3 13.Qxd3 b5 14.Ng3 h6 15.
Be3 Qc7 16.f4 Re8 17.Rae1 Ng4 18.Bc1 Bb7 19.Qf3 Nf6 20.c4 bxc4 21.Bb2 Qd8 
22.Nf5 Bc8 23.g4 Bxf5 24.gxf5 Rb8 25.Bc3 Kh7 26.Kh1 Rb7 27.Rg1 Rg8 28.Rd1 
Rd7 29.Rd2 Re8 30.Rdg2 Rg8 31.Qh3 Ne8 32.f6 g6 33.Rg3 1-0

[Event "22nd EUR-ch (w)"]
[Site "Prague CZE"]
[Date "2022.08.25"]
[Round "6.60"]
[White "Soares, Sara Joana de Moura pe"]
[Black "Tashkinova, Sofiia"]
[Result "0-1"]
[WhiteElo "1648"]
[BlackElo "2011"]
[EventDate "2022.08.20"]
[PlyCount "118"]

1.d4 d5 2.c4 c6 3.cxd5 cxd5 4.Nc3 Nf6 5.Nf3 Nc6 6.Bf4 a6 7.e3 e6 8.Bd3 Be7
9.h3 O-O 10.O-O b5 11.Rc1 Bb7 12.Qe2 Qb6 13.Ne5 Rac8 14.Rfd1 Na5 15.Bg5 
Qd6 16.Bf4 Qb6 17.Bg5 Rc7 18.Bf4 Bd6 19.Ng4 Nxg4 20.Bxd6 Qxd6 21.Qxg4 Rfc8
22.Ne2 Nc4 23.Bxc4 dxc4 24.Nc3 Rd8 25.Rc2 Qc6 26.Rdc1 Rcd7 27.f3 Qd6 28.
Rd1 Qb6 29.Rcd2 e5 30.Qh4 f6 31.Kh1 exd4 32.Rxd4 Rxd4 33.Rxd4 Rxd4 34.Qxd4
Qxd4 35.exd4 f5 36.Kg1 Kf7 37.Kf2 Ke6 38.Ke3 g5 39.Ne2 b4 40.Kd2 Kd5 41.
Ke3 f4+ 42.Kd2 Bc8 43.h4 h6 44.a3 a5 45.axb4 axb4 46.g3 fxg3 47.hxg5 hxg5 
48.Ke3 g2 49.Kf2 Ba6 50.f4 gxf4 51.Nxf4+ Ke4 52.Ne2 c3 53.Nxc3+ bxc3 54.
bxc3 Bf1 55.Kg1 Kf3 56.d5 Bb5 57.d6 Kg3 58.c4 Bd7 59.c5 Kh3 0-1

[Event "22nd EUR-ch (w)"]
[Site "Prague CZE"]
[Date "2022.08.25"]
[Round "6.61"]
[White "Pribylova, Sofie"]
[Black "Trasakova, Adela"]
[Result "1/2-1/2"]
[WhiteElo "1981"]
[BlackElo "1862"]
[EventDate "2022.08.20"]
[PlyCount "35"]

1.c4 c6 2.Nf3 d5 3.e3 Nf6 4.Nc3 e6 5.b3 Nbd7 6.Qc2 Bd6 7.Bb2 Qe7 8.Be2 Nf8
9.O-O Ng6 10.d4 O-O 11.Rfd1 dxc4 12.bxc4 e5 13.dxe5 Nxe5 14.Ne4 Nxe4 15.
Qxe4 Nxf3+ 16.Bxf3 Qxe4 17.Bxe4 Be7 18.Rab1 1/2-1/2

[Event "22nd EUR-ch (w)"]
[Site "Prague CZE"]
[Date "2022.08.27"]
[Round "7.1"]
[White "Socko, Monika"]
[Black "Gevorgian, Maria"]
[Result "1/2-1/2"]
[WhiteElo "2423"]
[BlackElo "2216"]
[EventDate "2022.08.20"]
[PlyCount "100"]

1.d4 Nf6 2.c4 c5 3.d5 e6 4.Nc3 exd5 5.cxd5 d6 6.e4 g6 7.f4 Bg7 8.Bb5+ Nfd7
9.a4 Qh4+ 10.g3 Qe7 11.Nf3 Bxc3+ 12.bxc3 Qxe4+ 13.Kf2 O-O 14.Re1 Qf5 15.
Bd3 Qxd5 16.c4 Qh5 17.Bb2 Nc6 18.h3 Nd4 19.Nxd4 Qxd1 20.Raxd1 cxd4 21.Bxd4
Nc5 22.Bf1 Nxa4 23.Bf6 Nc5 24.Rxd6 Bf5 25.Rd4 Rfe8 26.Rxe8+ Rxe8 27.Bh4 a5
28.g4 Bc2 29.Bg2 Kg7 30.Rd6 Re6 31.Rxe6 fxe6 32.Be7 b6 33.Bd8 e5 34.Bxb6 
Nd3+ 35.Ke3 Nxf4 36.Be4 Bb3 37.Bxa5 Bxc4 38.h4 Kf6 39.Bd8+ Kf7 40.Bf3 h6 
41.Be4 Be2 42.g5 h5 43.Ba5 Bc4 44.Be1 Bd5 45.Bg3 Bxe4 46.Bxf4 exf4+ 47.
Kxe4 Ke6 48.Kxf4 Kd5 49.Kf3 Kd4 50.Kf4 Kd5 1/2-1/2

[Event "22nd EUR-ch (w)"]
[Site "Prague CZE"]
[Date "2022.08.27"]
[Round "7.2"]
[White "Mammadzada, Gunay"]
[Black "Dzagnidze, Nana"]
[Result "1-0"]
[WhiteElo "2466"]
[BlackElo "2531"]
[EventDate "2022.08.20"]
[PlyCount "87"]

1.d4 Nf6 2.c4 e6 3.Nf3 d5 4.g3 dxc4 5.Bg2 a6 6.O-O Nc6 7.e3 Rb8 8.Nfd2 e5 
9.Bxc6+ bxc6 10.dxe5 Ng4 11.Nxc4 Be6 12.Nbd2 Bb4 13.b3 h5 14.h3 Bc3 15.Ba3
Bxa1 16.Qxa1 h4 17.hxg4 hxg3 18.Nf3 Qd3 19.Ncd2 Bxg4 20.Qb1 Qe2 21.e6 f5 
22.Kg2 gxf2 23.Qc1 Qb5 24.Rxf2 Qd5 25.Qc4 Rd8 26.e7 Rd7 27.Qxa6 Kf7 28.Qc4
Ra8 29.e4 Bxf3+ 30.Rxf3 Qxc4 31.Nxc4 Rxa3 32.Rxf5+ Kxe7 33.Nxa3 Rd4 34.Nc4
Rxe4 35.Re5+ Rxe5 36.Nxe5 Kd6 37.Nc4+ Kc5 38.Kf3 Kd4 39.Kf4 Kc3 40.Kg5 Kc2
41.Kg6 Kb1 42.a4 Kc2 43.a5 Kxb3 44.Ne5 1-0

[Event "22nd EUR-ch (w)"]
[Site "Prague CZE"]
[Date "2022.08.27"]
[Round "7.3"]
[White "Sargsian, Anna M."]
[Black "Ushenina, Anna"]
[Result "1/2-1/2"]
[WhiteElo "2378"]
[BlackElo "2423"]
[EventDate "2022.08.20"]
[PlyCount "115"]

1.e4 c5 2.Nf3 e6 3.d4 cxd4 4.Nxd4 a6 5.Bd3 Bc5 6.Nb3 Ba7 7.O-O Nc6 8.c4 
Nf6 9.Nc3 d6 10.Bg5 h6 11.Bh4 g5 12.Bg3 h5 13.h3 h4 14.Bh2 g4 15.Kh1 e5 
16.Nd5 gxh3 17.gxh3 Nd4 18.Nxd4 Bxd4 19.Qf3 Nxd5 20.cxd5 Rh6 21.Rg1 Kf8 
22.Qe2 Qf6 23.f4 Bxg1 24.fxe5 dxe5 25.Rxg1 Rg6 26.Rf1 Qg5 27.Qf2 Rg7 28.
Qc5+ Kg8 29.Rg1 Qh5 30.Rxg7+ Kxg7 31.Qg1+ Kh7 32.Qf2 Kg8 33.Qg1+ Qg6 34.
Qxg6+ fxg6 35.Bxe5 Bxh3 36.Kh2 Bd7 37.Bc3 Bb5 38.Bc2 Rf8 39.Bb3 g5 40.d6+ 
Kh7 41.Be6 Kg6 42.Bg4 Rf2+ 43.Kh1 Rf1+ 44.Kg2 Rf4 45.Be6 g4 46.d7 Bxd7 47.
Bxd7 Rxe4 48.Bc8 Kh5 49.Bxb7 h3+ 50.Kg3 Re3+ 51.Kf4 Re2 52.a4 Kh4 53.Bf6+ 
Kh5 54.Bd4 Kh4 55.Bf6+ Kh5 56.Kg3 Re3+ 57.Kf4 Re2 58.Bd4 1/2-1/2

[Event "22nd EUR-ch (w)"]
[Site "Prague CZE"]
[Date "2022.08.27"]
[Round "7.4"]
[White "Fataliyeva, Ulviyya"]
[Black "Mkrtchian, Lilit"]
[Result "1/2-1/2"]
[WhiteElo "2413"]
[BlackElo "2362"]
[EventDate "2022.08.20"]
[PlyCount "38"]

1.e4 c6 2.d4 d5 3.exd5 cxd5 4.Bd3 Nf6 5.h3 Nc6 6.c3 g6 7.Nf3 Bf5 8.O-O Qc7
9.Bxf5 gxf5 10.Ne5 e6 11.Bg5 Ne4 12.Nxc6 bxc6 13.Bc1 Bg7 14.Qh5 O-O 15.Nd2
c5 16.Nf3 Rab8 17.Ng5 Nxg5 18.Qxg5 cxd4 19.cxd4 Qd8 1/2-1/2

[Event "22nd EUR-ch (w)"]
[Site "Prague CZE"]
[Date "2022.08.27"]
[Round "7.5"]
[White "Babiy, Olga"]
[Black "Mammadova, Gulnar"]
[Result "1/2-1/2"]
[WhiteElo "2296"]
[BlackElo "2380"]
[EventDate "2022.08.20"]
[PlyCount "31"]

1.d4 d5 2.Bf4 Nf6 3.e3 c5 4.Nf3 Nc6 5.Nbd2 Nh5 6.dxc5 Nxf4 7.exf4 g6 8.c3 
Bh6 9.g3 O-O 10.Bg2 b6 11.Qa4 Bb7 12.Nb3 Qc8 13.O-O Rd8 14.Rfe1 e6 15.Nfd4
Bf8 16.Bh3 1/2-1/2

[Event "22nd EUR-ch (w)"]
[Site "Prague CZE"]
[Date "2022.08.27"]
[Round "7.6"]
[White "Malcewska, Aleksandra"]
[Black "Stefanova, Antoaneta"]
[Result "1-0"]
[WhiteElo "2360"]
[BlackElo "2472"]
[EventDate "2022.08.20"]
[PlyCount "61"]

1.d4 d5 2.c4 c6 3.Nf3 e6 4.Nc3 Nf6 5.g3 dxc4 6.Bg2 b5 7.Ne5 Nd5 8.a4 f6 9.
Nf3 b4 10.Ne4 a5 11.O-O Nd7 12.Bh3 N7b6 13.Nc5 e5 14.Bxc8 Qxc8 15.e4 Nc7 
16.Nxe5 g6 17.Nxc6 Na6 18.Nxa6 Qxc6 19.Nc5 Rd8 20.Qc2 Rxd4 21.Nb3 Rd3 22.
Be3 Rxb3 23.Bxb6 Qxb6 24.Qxc4 Rxb2 25.Rad1 Qc5 26.Qe6+ Be7 27.Rd5 Qa7 28.
Qc8+ Kf7 29.Qxh8 g5 30.Qxh7+ Kf8 31.Rd8+ 1-0

[Event "22nd EUR-ch (w)"]
[Site "Prague CZE"]
[Date "2022.08.27"]
[Round "7.7"]
[White "Garcia Martin, Marta"]
[Black "Batsiashvili, Nino"]
[Result "0-1"]
[WhiteElo "2305"]
[BlackElo "2466"]
[EventDate "2022.08.20"]
[PlyCount "78"]

1.e4 c6 2.d4 d5 3.e5 c5 4.dxc5 e6 5.Bd3 Bxc5 6.Qg4 Ne7 7.b4 Bb6 8.Nf3 Ng6 
9.h4 Qc7 10.Bb2 Nc6 11.h5 Ngxe5 12.Nxe5 Nxe5 13.Qxg7 Nxd3+ 14.cxd3 Rf8 15.
Nd2 f6 16.Bxf6 Qxg7 17.Bxg7 Rxf2 18.h6 e5 19.Rf1 Rxg2 20.Rf8+ Ke7 21.O-O-O
Be3 22.Rh8 Bf4 23.d4 Bg4 24.Rxa8 Bxd1 25.Kxd1 Rxd2+ 26.Ke1 Rxd4 27.a3 Re4+
28.Kd1 d4 29.Rxa7 d3 30.Rxb7+ Ke6 31.Rb6+ Kd5 32.Bf8 Rc4 33.Rb5+ Kc6 34.
Rc5+ Rxc5 35.Bxc5 e4 36.a4 e3 37.Ba7 Bxh6 38.b5+ Kb7 39.Bd4 Bf4 0-1

[Event "22nd EUR-ch (w)"]
[Site "Prague CZE"]
[Date "2022.08.27"]
[Round "7.8"]
[White "Heinemann, Josefine"]
[Black "Danielian, Elina"]
[Result "0-1"]
[WhiteElo "2321"]
[BlackElo "2441"]
[EventDate "2022.08.20"]
[PlyCount "56"]

1.e4 d6 2.d4 g6 3.Nc3 Bg7 4.Nf3 Nf6 5.Be2 O-O 6.O-O c6 7.a4 Qc7 8.h3 e5 9.
dxe5 dxe5 10.Bc4 Nh5 11.Be3 Nf4 12.Qb1 Qe7 13.Rd1 Nd7 14.Qa2 Qf6 15.Ne1 
Nb6 16.Bb3 Qg5 17.Kh2 Qh5 18.Rd2 Nd7 19.Rad1 Nf6 20.Bxf4 exf4 21.Rd8 f3 
22.Bxf7+ Kh8 23.Rxf8+ Bxf8 24.Nxf3 Bxh3 25.Bxg6 hxg6 26.gxh3 Qxf3 27.Kg1 
Nxe4 28.Rf1 Ng5 0-1

[Event "22nd EUR-ch (w)"]
[Site "Prague CZE"]
[Date "2022.08.27"]
[Round "7.9"]
[White "Rapport, Jovana"]
[Black "Zawadzka, Jolanta"]
[Result "1-0"]
[WhiteElo "2294"]
[BlackElo "2412"]
[EventDate "2022.08.20"]
[PlyCount "77"]

1.e4 c5 2.Nf3 d6 3.Bb5+ Bd7 4.c4 Nf6 5.Nc3 Nc6 6.d4 cxd4 7.Nxd4 g6 8.f3 
Bg7 9.Be3 O-O 10.O-O a6 11.Bxc6 bxc6 12.c5 d5 13.e5 Ne8 14.f4 Qc8 15.Na4 
Qb7 16.Nb6 Rd8 17.Qa4 Nc7 18.Nxd7 Rxd7 19.Qxc6 Qxc6 20.Nxc6 f6 21.Rad1 Rc8
22.b4 fxe5 23.fxe5 Ne6 24.Rxd5 Rb7 25.Nd4 Nxd4 26.Rxd4 Bxe5 27.Re4 Bc3 28.
Rb1 Kf7 29.Rb3 Bf6 30.a4 Rcb8 31.c6 Rc7 32.Rc4 Rd8 33.b5 axb5 34.axb5 Rd6 
35.Rb1 Be5 36.Rbc1 Rd3 37.Bf4 Rd5 38.Bxe5 Rxe5 39.b6 1-0

[Event "22nd EUR-ch (w)"]
[Site "Prague CZE"]
[Date "2022.08.27"]
[Round "7.10"]
[White "Narva, Mai"]
[Black "Rakhmangulova, Anastasiya"]
[Result "1-0"]
[WhiteElo "2405"]
[BlackElo "2244"]
[EventDate "2022.08.20"]
[PlyCount "55"]

1.e4 c5 2.Nf3 d6 3.Bb5+ Nd7 4.a4 Nf6 5.Nc3 g6 6.a5 a6 7.Be2 Bg7 8.d3 O-O 
9.O-O e5 10.Be3 h6 11.Nd2 Nb8 12.Nc4 Nc6 13.f4 exf4 14.Bxf4 Ne8 15.Nd5 Be6
16.Ndb6 Rb8 17.Bg4 Bxc4 18.Nxc4 Ne5 19.Nb6 Nxg4 20.Qxg4 Bxb2 21.Bxh6 Bxa1 
22.Rxa1 Qf6 23.Rf1 Qd4+ 24.Kh1 Ng7 25.Nd7 Rfe8 26.Nf6+ Kh8 27.Qh3 Qa4 28.
Bg5+ 1-0

[Event "22nd EUR-ch (w)"]
[Site "Prague CZE"]
[Date "2022.08.27"]
[Round "7.11"]
[White "Injac, Teodora"]
[Black "Kanakova, Natalie"]
[Result "1-0"]
[WhiteElo "2389"]
[BlackElo "2171"]
[EventDate "2022.08.20"]
[PlyCount "119"]

1.d4 Nf6 2.c4 e6 3.Nc3 d5 4.cxd5 exd5 5.Bg5 c6 6.e3 h6 7.Bh4 Be7 8.Bd3 O-O
9.Qc2 Nbd7 10.Nge2 Re8 11.O-O Ne4 12.Bxe7 Qxe7 13.Bxe4 dxe4 14.d5 Nf6 15.
Rfd1 cxd5 16.Nxd5 Nxd5 17.Rxd5 Bg4 18.Nc3 Rad8 19.Rxd8 Qxd8 20.Qa4 a6 21.
Nxe4 b5 22.Qb4 a5 23.Qd6 Qxd6 24.Nxd6 Re5 25.a4 bxa4 26.Rxa4 Rd5 27.Rd4 
Rc5 28.f3 Be6 29.Rd2 a4 30.Kf2 Kf8 31.Nb7 Rb5 32.Nd6 Rc5 33.Ne4 Rc4 34.Ng3
Ke7 35.Ne2 Rc5 36.Nd4 Ba2 37.Rc2 Rh5 38.h3 Kf6 39.Rc6+ Ke7 40.Ra6 Rc5 41.
Rxa4 Bd5 42.e4 Be6 43.Rb4 Rc1 44.Rb7+ Kf6 45.Rb6 Ke5 46.Nxe6 fxe6 47.Kg3 
g5 48.Rb8 Kf6 49.h4 gxh4+ 50.Kxh4 Rh1+ 51.Kg3 Rg1 52.b4 h5 53.b5 h4+ 54.
Kh2 Rb1 55.b6 Ke5 56.b7 Rb2 57.Kh3 Rb1 58.Kxh4 Rh1+ 59.Kg5 Rb1 60.Kg6 1-0

[Event "22nd EUR-ch (w)"]
[Site "Prague CZE"]
[Date "2022.08.27"]
[Round "7.12"]
[White "Antova, Gabriela"]
[Black "Tsolakidou, Stavroula"]
[Result "1/2-1/2"]
[WhiteElo "2269"]
[BlackElo "2388"]
[EventDate "2022.08.20"]
[PlyCount "70"]

1.d4 Nf6 2.Nf3 d5 3.c4 e6 4.Nc3 Nbd7 5.cxd5 exd5 6.Bg5 c6 7.e3 h6 8.Bh4 
Be7 9.Qc2 O-O 10.Bd3 Re8 11.O-O-O b5 12.Kb1 Bb7 13.Rhg1 Ne4 14.Bxe4 Bxh4 
15.Bh7+ Kf8 16.g3 Bf6 17.h4 Nb6 18.g4 Bxh4 19.Nxh4 Qxh4 20.g5 Nc4 21.Ka1 
Rad8 22.Bf5 Bc8 23.Rg4 Qh5 24.Rdg1 g6 25.Bxc8 Rxc8 26.Ne2 hxg5 27.Rxg5 Qf3
28.Nc1 c5 29.dxc5 Rxc5 30.Nd3 Rcc8 31.Qc3 Qe4 32.Qf6 Qe6 33.Qxe6 Rxe6 34.
Rxd5 a6 35.Rd1 Kg7 1/2-1/2

[Event "22nd EUR-ch (w)"]
[Site "Prague CZE"]
[Date "2022.08.27"]
[Round "7.13"]
[White "Kubicka, Anna"]
[Black "Brunello, Marina"]
[Result "0-1"]
[WhiteElo "2237"]
[BlackElo "2341"]
[EventDate "2022.08.20"]
[PlyCount "82"]

1.e4 c5 2.Nf3 d6 3.Bb5+ Nd7 4.O-O a6 5.Bd3 g6 6.c3 Bg7 7.Bc2 Ngf6 8.d4 O-O
9.a4 Ne8 10.Be3 Nc7 11.Qe2 b6 12.Nbd2 Bb7 13.Nb3 cxd4 14.cxd4 Ne6 15.a5 d5
16.e5 Rc8 17.Bd3 b5 18.Rac1 f6 19.exf6 Nxf6 20.Ng5 Rxc1 21.Rxc1 Nxg5 22.
Bxg5 Ne4 23.Be3 Nd6 24.Nc5 Bc8 25.b4 e5 26.dxe5 Bxe5 27.g3 Qf6 28.Bh6 Re8 
29.Re1 Kf7 30.Qd1 Bd4 31.Bf4 Rxe1+ 32.Qxe1 Nc4 33.Bf1 g5 34.Bc1 Ne5 35.Bg2
Nf3+ 36.Bxf3 Qxf3 37.Bxg5 Bh3 38.Qe7+ Kg6 39.Qd6+ Kxg5 40.Qf4+ Qxf4 41.
gxf4+ Kxf4 0-1

[Event "22nd EUR-ch (w)"]
[Site "Prague CZE"]
[Date "2022.08.27"]
[Round "7.14"]
[White "Toncheva, Nadya"]
[Black "Gaponenko, Inna"]
[Result "0-1"]
[WhiteElo "2164"]
[BlackElo "2339"]
[EventDate "2022.08.20"]
[PlyCount "84"]

1.d4 Nf6 2.c4 e6 3.Nc3 Bb4 4.e3 O-O 5.Ne2 Re8 6.a3 Bf8 7.e4 d5 8.e5 Nfd7 
9.cxd5 exd5 10.Nxd5 c5 11.Bf4 cxd4 12.Qxd4 Nc6 13.Qc3 Ndxe5 14.O-O-O Be6 
15.Ne3 Qf6 16.Kb1 Rac8 17.Ka1 b5 18.Bg3 b4 19.axb4 Bxb4 20.Bxe5 Qe7 21.Bd6
Bxd6 22.Nd4 Nxd4 23.Qxd4 Bb3 24.Nf5 Qe5 25.Qxe5 Bxe5 26.Bb5 Bxd1 27.Rxd1 
Red8 28.Re1 Bf6 29.Ne7+ Bxe7 30.Rxe7 Rd2 31.Rxa7 Rxf2 32.Bc6 g6 33.Bd5 Rb8
34.Bb7 Kg7 35.Bd5 Rb5 36.Rd7 g5 37.b3 g4 38.Kb1 h5 39.Kc1 h4 40.Kd1 Ra5 
41.Ke1 g3 42.hxg3 hxg3 0-1

[Event "22nd EUR-ch (w)"]
[Site "Prague CZE"]
[Date "2022.08.27"]
[Round "7.15"]
[White "Mkrtchian, Mariam"]
[Black "Javakhishvili, Lela"]
[Result "0-1"]
[WhiteElo "2285"]
[BlackElo "2476"]
[EventDate "2022.08.20"]
[PlyCount "72"]

1.d4 Nf6 2.c4 e6 3.Nf3 b6 4.g3 Ba6 5.b3 Bb4+ 6.Bd2 Be7 7.Nc3 d5 8.cxd5 
exd5 9.Bg2 O-O 10.O-O Re8 11.Ne5 Bb7 12.Qc2 Na6 13.Rad1 c5 14.dxc5 bxc5 
15.Bf4 Qc8 16.e3 Qe6 17.h4 Rad8 18.Rfe1 h6 19.Nd3 Ne4 20.Nb5 Qb6 21.a4 Bf6
22.f3 g5 23.hxg5 hxg5 24.fxe4 dxe4 25.Nf2 gxf4 26.exf4 Nb4 27.Qe2 a6 28.
Na3 Bd4 29.Nc4 Qg6 30.Kh2 Bxf2 31.Qxf2 Rxd1 32.Rxd1 Qh5+ 33.Bh3 Qxd1 34.
Qxc5 Qd5 35.Qxb4 e3 36.Qe1 e2 0-1

[Event "22nd EUR-ch (w)"]
[Site "Prague CZE"]
[Date "2022.08.27"]
[Round "7.16"]
[White "Sieber, Fiona"]
[Black "Salimova, Nurgyul"]
[Result "0-1"]
[WhiteElo "2280"]
[BlackElo "2404"]
[EventDate "2022.08.20"]
[PlyCount "74"]

1.e4 e5 2.Nf3 Nc6 3.Bc4 Bc5 4.d3 Nf6 5.Nc3 h6 6.h3 a6 7.Be3 d6 8.Bxc5 dxc5
9.a4 Qd6 10.O-O Ne7 11.Qb1 g5 12.Nd1 g4 13.hxg4 Nxg4 14.Ne3 Rg8 15.c3 Ng6 
16.b4 Nf4 17.Qa2 Qg6 18.Ne1 cxb4 19.cxb4 Qh5 20.Nxg4 Bxg4 21.f3 Be6 22.b5 
axb5 23.Bxe6 fxe6 24.Qb2 Kf7 25.Rc1 Rxa4 26.Rxc7+ Kf6 27.Qc2 Qh4 28.Rxb7 
Ra1 29.d4 Nh3+ 30.Kh1 Nf4+ 31.Kg1 Rxe1 32.dxe5+ Kg6 33.Rxe1 Qxe1+ 34.Kh2 
Qh4+ 35.Kg1 Qe1+ 36.Kh2 Kh5 37.g4+ Kh4 0-1

[Event "22nd EUR-ch (w)"]
[Site "Prague CZE"]
[Date "2022.08.27"]
[Round "7.17"]
[White "Eric, Jovana"]
[Black "Milliet, Sophie"]
[Result "1/2-1/2"]
[WhiteElo "2244"]
[BlackElo "2391"]
[EventDate "2022.08.20"]
[PlyCount "103"]

1.e4 e5 2.Nf3 Nc6 3.Bc4 Nf6 4.d3 h6 5.O-O d6 6.a4 g6 7.a5 Bg7 8.a6 O-O 9.
axb7 Bxb7 10.Nc3 a5 11.Nd5 Nb4 12.Nxf6+ Qxf6 13.Bd2 Qd8 14.Bc3 c5 15.Re1 
Kh7 16.Bd2 f5 17.c3 Na6 18.h3 Nc7 19.Bb3 Qf6 20.h4 f4 21.d4 cxd4 22.cxd4 
exd4 23.Bxa5 Na6 24.Bb6 Nc5 25.Rxa8 Bxa8 26.e5 Qe7 27.h5 Nxb3 28.hxg6+ Kh8
29.Qxb3 dxe5 30.Bxd4 e4 31.Qc3 Re8 32.Nh4 Bxd4 33.Qxd4+ Qg7 34.Qd6 Qe5 35.
Qd7 Qe7 36.g7+ Kg8 37.Qxe7 Rxe7 38.Nf5 Re5 39.Nxh6+ Kxg7 40.Ng4 Rg5 41.Ra1
Rxg4 42.Rxa8 f3 43.g3 Kf6 44.Re8 Kf5 45.b4 Rg7 46.Rc8 Rd7 47.Rc5+ Kg4 48.
Re5 Kh3 49.Rh5+ Kg4 50.Rh4+ Kf5 51.Rh5+ Kg4 52.Rh4+ 1/2-1/2

[Event "22nd EUR-ch (w)"]
[Site "Prague CZE"]
[Date "2022.08.27"]
[Round "7.18"]
[White "Kiolbasa, Oliwia"]
[Black "Gaboian, Susanna"]
[Result "1-0"]
[WhiteElo "2383"]
[BlackElo "2270"]
[EventDate "2022.08.20"]
[PlyCount "83"]

1.e4 c5 2.Nf3 Nc6 3.d4 cxd4 4.Nxd4 Nf6 5.Nc3 e5 6.Ndb5 d6 7.Bg5 a6 8.Na3 
b5 9.Nd5 Be7 10.Bxf6 Bxf6 11.c4 b4 12.Nc2 a5 13.g3 g6 14.h4 h5 15.Bh3 Bxh3
16.Rxh3 Bg7 17.g4 hxg4 18.Qxg4 Rh5 19.Rd1 Kf8 20.c5 Nd4 21.Nxd4 exd4 22.c6
Qe8 23.Nb6 Ra7 24.Rc1 Rc7 25.Kf1 Rc5 26.Nd7+ Rxd7 27.Rxc5 Rc7 28.Rxa5 Qxc6
29.h5 gxh5 30.Raxh5 Qc1+ 31.Kg2 Rc5 32.Rxc5 Qxc5 33.Qd7 Bf6 34.Qf5 Be5 35.
Qg5 Qc7 36.a4 Ke8 37.Qg8+ Ke7 38.Rf3 Qc4 39.b3 Qe6 40.a5 d5 41.a6 dxe4 42.
Qxf7+ 1-0

[Event "22nd EUR-ch (w)"]
[Site "Prague CZE"]
[Date "2022.08.27"]
[Round "7.19"]
[White "Urh, Zala"]
[Black "Antolak, Julia"]
[Result "1/2-1/2"]
[WhiteElo "2262"]
[BlackElo "2378"]
[EventDate "2022.08.20"]
[PlyCount "52"]

1.d4 d5 2.Nf3 Nf6 3.c4 dxc4 4.e3 e6 5.Bxc4 a6 6.O-O c5 7.dxc5 Bxc5 8.Qe2 
O-O 9.e4 Nc6 10.e5 Nd7 11.Bd3 Re8 12.Bf4 Nf8 13.Rd1 Qe7 14.Nc3 b6 15.Ne4 
Bb7 16.a3 Ng6 17.Bg3 Red8 18.Nxc5 bxc5 19.Bxg6 hxg6 20.Rd6 Qe8 21.Rad1 Ne7
22.Bh4 Rxd6 23.exd6 Bxf3 24.Qxf3 Nd5 25.h3 Qd7 26.Bg3 Rb8 1/2-1/2

[Event "22nd EUR-ch (w)"]
[Site "Prague CZE"]
[Date "2022.08.27"]
[Round "7.20"]
[White "Martynkova, Olena"]
[Black "Unuk, Laura"]
[Result "1/2-1/2"]
[WhiteElo "2182"]
[BlackElo "2350"]
[EventDate "2022.08.20"]
[PlyCount "26"]

1.d4 Nf6 2.Nf3 e6 3.Bf4 b6 4.e3 Bb7 5.Nbd2 Be7 6.h3 c5 7.c3 O-O 8.Bd3 Nc6 
9.O-O d6 10.Qe2 Rc8 11.a3 d5 12.Ne5 Nxe5 13.Bxe5 Nd7 1/2-1/2

[Event "22nd EUR-ch (w)"]
[Site "Prague CZE"]
[Date "2022.08.27"]
[Round "7.21"]
[White "Balajayeva, Khanim"]
[Black "Krasteva, Beloslava"]
[Result "1-0"]
[WhiteElo "2344"]
[BlackElo "2269"]
[EventDate "2022.08.20"]
[PlyCount "93"]

1.e4 c5 2.Nf3 e6 3.d4 cxd4 4.Nxd4 Nc6 5.Nc3 Qc7 6.f4 a6 7.Nxc6 Qxc6 8.Bd3 
b5 9.Qe2 Bb7 10.Bd2 Rc8 11.a3 Qc7 12.O-O-O Nf6 13.e5 Nd5 14.Nxd5 Bxd5 15.
f5 exf5 16.Bxf5 g6 17.Bd3 Bg7 18.Bb4 Qc6 19.Rhf1 Be6 20.Be4 Qb6 21.Bd5 Bf5
22.Rxf5 gxf5 23.Bd6 h5 24.Qf3 f4 25.Re1 Bf8 26.Kb1 Qd4 27.c3 Qd2 28.Re2 
Qd1+ 29.Ka2 Kd8 30.Bb3 Qc1 31.Qf2 f3 32.Bxf7 Rc6 33.Qa7 Bxd6 34.exd6 Qg1 
35.Qxg1 fxe2 36.Qe3 Rxd6 37.Qxe2 h4 38.Qe5 Rhh6 39.g4 hxg3 40.hxg3 Rdf6 
41.Qe8+ Kc7 42.g4 Rf2 43.Qe5+ Kd8 44.Bd5 Rhh2 45.c4 Re2 46.Qf6+ Kc7 47.c5 
1-0

[Event "22nd EUR-ch (w)"]
[Site "Prague CZE"]
[Date "2022.08.27"]
[Round "7.22"]
[White "Beydullayeva, Govhar"]
[Black "Sliwicka, Alicja"]
[Result "1-0"]
[WhiteElo "2339"]
[BlackElo "2260"]
[EventDate "2022.08.20"]
[PlyCount "129"]

1.d4 d5 2.c4 e6 3.Nc3 Nf6 4.Nf3 Be7 5.Bf4 O-O 6.e3 b6 7.Bd3 Ba6 8.Qe2 Nc6 
9.a3 Na5 10.cxd5 Bxd3 11.Qxd3 Nxd5 12.b4 Nb7 13.Nxd5 exd5 14.Qb5 Bd6 15.
Bg5 f6 16.Qxd5+ Kh8 17.Qxb7 fxg5 18.Qe4 c5 19.dxc5 bxc5 20.bxc5 Bxc5 21.
O-O Qf6 22.Qg4 h6 23.Rfc1 Rab8 24.h3 Qe7 25.Rc3 Rb2 26.Qc4 Bd6 27.Rb3 Rxb3
28.Qxb3 Rb8 29.Qc3 h5 30.Qc4 Qf6 31.Qd4 Qg6 32.Rd1 Rd8 33.Ne5 Qf5 34.Qc3 
Qf6 35.Qa5 Kh7 36.Qd5 g4 37.Qe4+ Kg8 38.Qd5+ Kh7 39.hxg4 hxg4 40.Qe4+ Kg8 
41.Qc4+ Kh7 42.Qxg4 Bxe5 43.Qh5+ Kg8 44.Rxd8+ Qxd8 45.Qxe5 a5 46.e4 Qd1+ 
47.Kh2 Qe1 48.Kg3 Kf7 49.Qf4+ Ke7 50.Qe3 Qb1 51.Qg5+ Ke6 52.Qf5+ Ke7 53.
Qxa5 Qd3+ 54.f3 Qd6+ 55.Kg4 Qe6+ 56.Qf5 Qa2 57.Qc5+ Ke8 58.Qe5+ Kf8 59.
Qd6+ Ke8 60.g3 Qb3 61.Qc6+ Ke7 62.a4 Qb4 63.Qc7+ Kf8 64.a5 Qb5 65.Qd8+ 1-0

[Event "22nd EUR-ch (w)"]
[Site "Prague CZE"]
[Date "2022.08.27"]
[Round "7.23"]
[White "Lazarne Vajda, Szidonia"]
[Black "Van Foreest, Machteld"]
[Result "1-0"]
[WhiteElo "2313"]
[BlackElo "2235"]
[EventDate "2022.08.20"]
[PlyCount "71"]

1.d4 d5 2.Nf3 e6 3.e3 Nf6 4.Bd3 Be7 5.b3 O-O 6.Bb2 Nbd7 7.Nbd2 b6 8.O-O 
Bb7 9.Ne5 c5 10.Qe2 Qc7 11.f4 Ne4 12.Nxd7 Qxd7 13.Nxe4 dxe4 14.Bc4 Bf6 15.
Rad1 Qc7 16.f5 Bd5 17.Ba3 Rad8 18.fxe6 fxe6 19.dxc5 bxc5 20.Bb5 Be5 21.h3 
Qb6 22.c4 Bb7 23.Rxd8 Rxd8 24.Qh5 Qc7 25.Bd7 Bh2+ 26.Kh1 Qxd7 27.Kxh2 Qc7+
28.Kg1 Rc8 29.Bb2 Qe7 30.Qe5 Rd8 31.Rf4 Rd1+ 32.Kh2 h6 33.Ba3 Qg5 34.Qb8+ 
Kh7 35.Qxb7 Rd2 36.Qxe4+ 1-0

[Event "22nd EUR-ch (w)"]
[Site "Prague CZE"]
[Date "2022.08.27"]
[Round "7.24"]
[White "Lach, Aleksandra"]
[Black "Schulze, Lara"]
[Result "1/2-1/2"]
[WhiteElo "2152"]
[BlackElo "2297"]
[EventDate "2022.08.20"]
[PlyCount "82"]

1.e4 c5 2.Nf3 Nc6 3.d4 cxd4 4.Nxd4 Nf6 5.Nc3 d6 6.Bg5 e6 7.Qd3 Bd7 8.O-O-O
a6 9.f4 h6 10.Bh4 Be7 11.Nf3 Rc8 12.Kb1 Qc7 13.Qd2 b5 14.Bd3 b4 15.Ne2 Qb6
16.Nc1 Na5 17.Qe2 Bb5 18.Bf2 Qb7 19.Nd4 Nc4 20.Rhe1 d5 21.Nxb5 axb5 22.f5 
dxe4 23.Bxe4 Qxe4 24.Qxe4 Nxe4 25.Rxe4 Bg5 26.Nb3 O-O 27.fxe6 fxe6 28.Bd4 
e5 29.Bg1 Rfd8 30.Ree1 e4 31.Rxd8+ Rxd8 32.Nd4 Bd2 33.Rxe4 Bc3 34.Kc1 
Bxb2+ 35.Kd1 Nd6 36.Nc6 Rd7 37.Re7 Rxe7 38.Nxe7+ Kf7 39.Nc6 Ne4 40.Nxb4 
Ba3 41.Nd5 Bd6 1/2-1/2

[Event "22nd EUR-ch (w)"]
[Site "Prague CZE"]
[Date "2022.08.27"]
[Round "7.25"]
[White "Huda, Maryana"]
[Black "Radeva, Viktoria"]
[Result "0-1"]
[WhiteElo "2128"]
[BlackElo "2289"]
[EventDate "2022.08.20"]
[PlyCount "126"]

1.e4 c5 2.Nc3 e6 3.Nge2 a6 4.g3 Nc6 5.Bg2 Nf6 6.O-O Qc7 7.d4 cxd4 8.Nxd4 
Nxd4 9.Qxd4 Bc5 10.Qd3 O-O 11.Bf4 d6 12.Rad1 Ne8 13.Na4 e5 14.Nxc5 exf4 
15.Nb3 Be6 16.Rfe1 fxg3 17.hxg3 Qb6 18.Qe3 Qb5 19.e5 dxe5 20.Qxe5 Nf6 21.
Qxb5 axb5 22.a3 b4 23.axb4 Ra2 24.Rb1 Bxb3 25.cxb3 b6 26.Red1 h5 27.Rd6 
Rb8 28.b5 Kf8 29.Rd4 Ra7 30.Bc6 Ng4 31.Re1 Re7 32.Rxe7 Kxe7 33.Re4+ Kf8 
34.f3 Nf6 35.Rd4 Ke7 36.Kf2 Rd8 37.Ra4 Rd2+ 38.Kg1 Rxb2 39.Ra6 Rxb3 40.
Rxb6 Rb1+ 41.Kg2 Rb2+ 42.Kf1 g5 43.Rb8 Kd6 44.Rb7 Ke6 45.b6 h4 46.gxh4 
gxh4 47.Rb8 Kd6 48.Be4 h3 49.b7 h2 50.Rh8 Nxe4 51.fxe4 Rxb7 52.Kg2 Rb2+ 
53.Kf3 Ke5 54.Rh5+ Kd4 55.Rd5+ Kc3 56.Rh5 Rd2 57.Kf4 Kd3 58.Kf3 Kc2 59.Kg3
Kd1 60.e5 Ke1 61.Kf4 Kf1 62.Kg5 Kg1 63.Kf6 Rf2+ 0-1

[Event "22nd EUR-ch (w)"]
[Site "Prague CZE"]
[Date "2022.08.27"]
[Round "7.26"]
[White "Rudzinska, Michalina"]
[Black "Koridze, Lile"]
[Result "1/2-1/2"]
[WhiteElo "2287"]
[BlackElo "2081"]
[EventDate "2022.08.20"]
[PlyCount "107"]

1.e4 c5 2.c3 Nf6 3.e5 Nd5 4.d4 cxd4 5.cxd4 d6 6.Nf3 Nc6 7.Bc4 Nb6 8.Bb5 
dxe5 9.Nxe5 Bd7 10.Nxd7 Qxd7 11.O-O e6 12.Nc3 Be7 13.Qg4 O-O 14.Bh6 Qxd4 
15.Qg3 Bd6 16.Qh3 gxh6 17.Rad1 Qe5 18.f4 Bc5+ 19.Kh1 Qf5 20.g4 Qg6 21.Bd3 
Qg7 22.g5 f5 23.gxf6 Qxf6 24.Ne4 Qe7 25.Qxh6 Nd7 26.Ng5 Nf6 27.Nxe6 Qxe6 
28.Bxh7+ Kf7 29.Bg6+ Ke7 30.Rfe1 Be3 31.Qg7+ Rf7 32.Qxf7+ Qxf7 33.Bxf7 
Kxf7 34.Rxe3 Rh8 35.Rb3 b6 36.Kg2 Ne7 37.Rbd3 Rh4 38.h3 Rxf4 39.Rf3 Rb4 
40.b3 Ng6 41.Kh2 Ne5 42.Rf5 Ke6 43.Rdf1 Nd5 44.Rh5 Ne3 45.Rf8 Re4 46.Kg3 
Nd5 47.Rh6+ Ke7 48.Rb8 Re3+ 49.Kf2 Nd3+ 50.Kf1 Re1+ 51.Kg2 Re2+ 52.Kg1 
Re1+ 53.Kg2 Re2+ 54.Kg1 1/2-1/2